000 00995nam a2200301 a 4500
008
020 _a9780323073585 (hardback)
040 _aNUST
_cNUST
049 _aMAIN
090 _aRD32.3
_bPHI
100 1 _aPhillips, Nancymarie.,
_aauthor.
245 1 0 _aBerry & Kohn's operating room technique/
_c Nancymarie Phillips.
250 _aTwelfth edition.
260 _aSt. Louis, Missouri :
_bElsevier/Mosby,
_c2013.
300 _axvii, 1031 pages :
_billustrations (chiefly colour) ;
_c29 cm.
336 _atext
_btxt
_2rdacontent
337 _aunmediated
_bn
_2rdamedia
338 _avolume
_bnc
_2rdacarrier
500 _aIncludes index.
504 _aIncludes bibliographical references.
650 1 _aOperating Room Nursing
_xmethods.
650 _aOperating Room Technicians.
650 _aPerioperative Care
_xmethods.
907 _a.b10413923
_b22-02-22
_c22-02-22
003
005 20230120204336.0
942 _cBOOKS
_kRD32.3
_mPHI
999 _c121544
_d121544